000 00348nam a22001457a 4500
020 _a9780241242278
040 _cnust
082 _a745.5
_bPES
100 _aPester, Sophie
_9122894
110 _aBruns, Catharina
_9122895
245 _aSupercraft
260 _aLondon:
_bDk Publishers,
_c2016.
650 _aSupercraft
_9122896
942 _2ddc
_cBK
999 _c609283
_d609283